Zaregistrovanie certifikovaného environmentálneho manažérskeho systému do schémy EMAS III bakalárska práca

Gespeichert in:
Bibliographische Detailangaben
1. Verfasser: Fedorková, Viktória
Körperschaft: Podnikovohospodárska fakulta EU so sídlom v Košiciach. Katedra manažmentu
Weitere Verfasser: Čorba, Juraj, ml
Format: Buch
Sprache:Slowakisch
Veröffentlicht: Košice 2015
Tags: Tag hinzufügen
Keine Tags, Fügen Sie das erste Tag hinzu!

MARC

LEADER 00000nbm a2200000 4500
001 0202381
005 20161212094652.0
041 0 |a slo 
044 |a SK 
245 1 0 |a Zaregistrovanie certifikovaného environmentálneho manažérskeho systému do schémy EMAS III  |b bakalárska práca  |c Viktória Fedorková ; školiteľ: Juraj Čorba 
264 1 |a Košice  |c 2015 
300 |a 44 s. 
100 1 |a Fedorková, Viktória 
700 1 |a Čorba, Juraj, ml. 
710 2 |a Podnikovohospodárska fakulta EU so sídlom v Košiciach. Katedra manažmentu